000 00335 a2200109 4500
001 ART_53310
005 20260410162008.0
008 260409a
245 1 0 _aMedidas cautelares dictadas por juez incompetente
100 1 _aTomas, Lucas P.
773 0 _tTemas de derecho civil
_g- Año 7, N° 9 (sep. 2021)
_wREV34778
999 _c31970
_d31970